MARC

LEADER 00000nam0a2200000 4500
001 81420
005 20231101213153.0
035 |a (RuTPU)RU\TPU\book\87520 
090 |a 81420 
100 |a 20050920d1968 km y0rusy50 ca 
101 1 |a rus  |c eng 
102 |a RU 
105 |a a z 001zy 
200 1 |a Анализ, синтез и восприятие речи  |e пер. с англ.  |f Д. Фланаган  |g под ред. А. А. Пирогова 
210 |a Москва  |c Связь  |d 1968 
215 |a 396 с.  |c ил. 
320 |a Библиогр.: с. 378-392 
606 1 |a Речь  |x Исследование  |2 stltpush  |3 (RuTPU)RU\TPU\subj\25217  |9 49429 
610 1 |a акустика 
610 1 |a электроакустика 
610 1 |a электроакустическая аппаратура 
610 1 |a восприятие 
610 1 |a анализ 
610 1 |a синтез 
610 1 |a ухо 
610 1 |a слух 
610 1 |a телефония 
610 1 |a вокодеры 
675 |a 534.7  |v 3 
700 1 |a Фланаган  |b Д.  |g Джеймс Л. 
702 1 |a Пирогов  |b А. А.  |4 340 
801 1 |a RU  |b 63413507  |c 20050920  |g PSBO 
801 2 |a RU  |b 63413507  |c 20190925  |g PSBO 
942 |c BK